书目信息 |
| 题名: |
如何练就演讲力
|
|
| 作者: | 涂梦珊 著 | |
| 分册: | ||
| 出版信息: | 北京 机械工业出版社 2021.07 |
|
| 页数: | 197页 | |
| 开本: | 21cm | |
| 丛书名: | ||
| 单 册: | ||
| 中图分类: | H019 | |
| 科图分类: | ||
| 主题词: | 演讲--yan jiang--语言艺术 | |
| 电子资源: | ||
| ISBN: | 978-7-111-68089-5 | |
| 000 | 01005nam0 2200265 450 | |
| 001 | 202021194746 | |
| 005 | 20211025120147.0 | |
| 010 | @a978-7-111-68089-5@dCNY68.00 | |
| 100 | @a20211005d2021 em y0chiy50 ea | |
| 101 | 0 | @achi |
| 102 | @aCN@b110000 | |
| 105 | @ay z 000yy | |
| 106 | @ar | |
| 200 | 1 | @a如何练就演讲力@Aru he lian jiu yan jiang li@f涂梦珊著 |
| 210 | @a北京@c机械工业出版社@d2021.07 | |
| 215 | @a197页@d21cm | |
| 312 | @a英文题名取自封面 | |
| 314 | @a涂梦珊, 知名声音教练、配音演员、有书“声音课程”明星老师、电台特约嘉宾主持、“声音魅力学”概念首创者。 | |
| 330 | @a本书极为全面系统, 共分为6个部分: 演说时代、演讲思维、演讲声音、演讲素质、演讲脚本、演讲练习。通过实际案例和新时代的生态环境、社会情境来阐述演讲力建立的方法, 致力于提升读者的演讲艺术审美能力与实战能力。 | |
| 510 | 1 | @aSpeech ability@zeng |
| 606 | 0 | @a演讲@Ayan jiang@x语言艺术 |
| 690 | @aH019@v5 | |
| 701 | 0 | @a涂梦珊@Atu meng shan@4著 |
| 801 | 0 | @aCN@c20210909 |
| 905 | @a河南城建学院图书馆@dH019@eT908 | |
| 如何练就演讲力/涂梦珊著.-北京:机械工业出版社,2021.07 |
| 197页;21cm |
| ISBN 978-7-111-68089-5:CNY68.00 |
| 本书极为全面系统, 共分为6个部分: 演说时代、演讲思维、演讲声音、演讲素质、演讲脚本、演讲练习。通过实际案例和新时代的生态环境、社会情境来阐述演讲力建立的方法, 致力于提升读者的演讲艺术审美能力与实战能力。 |
| ● |
| 相关链接 |
|
|
|
正题名:如何练就演讲力
索取号:H019/T908
 
预约/预借
| 序号 | 登录号 | 条形码 | 馆藏地/架位号 | 状态 | 备注 |
| 1 | 1544019 | 215440191 | 语言库209/209语言库 64排2列2层/ [索取号:H019/T908] | 在馆 | |
| 2 | 1544020 | 215440208 | 语言库209/209语言库 64排2列2层/ [索取号:H019/T908] |
已借出,限还日期为2025.11.07 借出人:朱松岭 |